| 000 | 00835nam a2200253Ia 4500 | ||
|---|---|---|---|
| 003 | IN-BaIIA | ||
| 008 | 211028s9999 xx 000 0 eng d | ||
| 020 | _a0-306-43158-0 | ||
| 040 | _cIIA Library | ||
| 080 |
_a52-17:519.68 _bDAT |
||
| 245 | 0 |
_aData analysis in astronomy III _cedited by V. Di Gesu…[et al.] |
|
| 260 |
_aNew York _bPlenum Press _c1989 |
||
| 300 | _aix, 417p. | ||
| 490 | _aEttore Majorana International Science Series; v. 40 | ||
| 650 |
_aAstronomy _980 |
||
| 650 | _aAstronomy and astrophysics thesaurus | ||
| 650 |
_aData processing _94335 |
||
| 700 |
_aCrane, P., ed. _911436 |
||
| 700 |
_aDi Gesu, V., ed. _916543 |
||
| 700 |
_aFriedman, J. H., ed. _916544 |
||
| 700 |
_aLevialdi, S., ed. _916545 |
||
| 700 |
_aMaccarone, M. C., ed. _916546 |
||
| 942 | _cBK | ||
| 999 |
_c9773 _d9773 |
||